| 000 | 00754nam a22002177a 4500 | ||
|---|---|---|---|
| 005 | 20251108172325.0 | ||
| 008 | 250721s1999 xx 000 0 ara d | ||
| 082 | 1 | 4 | _a325.368096881/جمع |
| 100 | 1 | _aبوجمعه، صويلح | |
| 245 | 1 | 0 |
_aتصفية الإستعمار و القانون الدولي : _bدراسة تطبيقية على ناميبيا / |
| 264 | 1 |
_aعمان : _bدار النسر للنشر و التوزيع، _c1999. |
|
| 300 | _a248ص | ||
| 650 | 1 | 7 | _aالإستعمار |
| 650 | 1 | 7 | _aتقرير المصير للشعوب |
| 650 | 1 | 7 | _aالإستقلال الذاتي |
| 650 | 1 | 7 | _aتصفية الإستعمار |
| 650 | 1 | 7 | _aجنوب إفريقيا |
| 650 | 1 | 7 | _aناميبيا |
| 942 |
_2ddc _cBK |
||
| 999 |
_c76224 _d76224 |
||